00731cam a2200241 a 450000100060000000300080000600500170001400800410003103500200007204000160009204100080010804300120011608200280012810000340015624500790019026000410026930000410031049000280035150000200037950400260039965100430042571000210046877739BD-RjUL20211209083022.0750106s1974 nyua b 001 0 eng  a(BD-RjUL)77965) aLCbengcLC aeng an-us-wa04a917.95044219bWIC 19741 aWilliams, Richard Lippincott.14aThe Cascades /cby Richard L. Williams and the editors of Time-Life Books. aNew York :bTime-Life Books,c[1974] a184 p. :bill. (some col.) ;c27 cm.0 aThe American wilderness aIncludes index. aBibliography: p. 180. 0aCascade RangexDescription and travel.2 aTime-Life Books.